Guess the movie by the Plot - Statistics

General Stats
  • This quiz has been taken 85 times
  • The average score is 5 of 12
Answer Stats
Hint Answer % Correct
A boy wizard learns his destiny in a castle school Harry Potter
97%
A man’s entire life is a TV show. The Truman Show
91%
A group of magicians pull off heists while being chased by the FBI. Now You See Me
49%
A man learns his dreams are being invaded by others. Inception
44%
A man is trapped in a simulation and must escape. The Matrix
44%
A man discovers he’s been dead the whole time. The Sixth Sense
43%
A woman’s husband is a ghost. The Sixth Sense
43%
A soldier wakes up in a time loop during an alien invasion Edge of Tomorrow
24%
A man’s best friend is revealed to be imaginary. Fight Club
21%
A man’s identity is a government fabrication. The Bourne Identity
11%
A woman’s child is replaced by an imposter. Changeling
3%
A superhero discovers he’s been manipulated by a secret society. Captain America: The Winter Soldier
0%
No matching quizzes found
Score Distribution
Percent of People with Each Score
Percentile by Number Answered
Your Score History
You have not taken this quiz